Mathematics of modern engineering ... (Record no. 543618)

000 -LEADER
fixed length control field 00922nam a22002171 4500
082 00 - DEWEY DECIMAL CLASSIFICATION NUMBER
Classification number 510.2462
Author Mark KEL
-- L-3, P-19
100 1# - MAIN ENTRY--PERSONAL NAME
Personal name Doherty, Robert E.
9 (RLIN) 39009
245 10 - TITLE STATEMENT
Title Mathematics of modern engineering ...
Statement of responsibility, etc. by Robert E. Doherty ... and Ernest G. Keller ...
260 ## - PUBLICATION, DISTRIBUTION, ETC.
Place of publication, distribution, etc. New York,
Name of publisher, distributor, etc. J. Wiley & sons, inc.;
Place of publication, distribution, etc. London,
Name of publisher, distributor, etc. Chapman & Hall, limited,
Date of publication, distribution, etc. 1936-42.
300 ## - PHYSICAL DESCRIPTION
Extent 2 v.
Other physical details illus., diagrs.
Dimensions 24 cm.
500 ## - GENERAL NOTE
General note "One of a series written in the interest of the advanced course in engineering of the General electric company."
500 ## - GENERAL NOTE
General note Vol. 2, by Ernest G. Keller, has subtitle: Mathematical engineering.
500 ## - GENERAL NOTE
General note Vol. 3 not published?
526 ## - STUDY PROGRAM INFORMATION NOTE
Program name 0
Interest level 0
Reading level 0
Title point value 510_246200000000000_KEL
526 ## - STUDY PROGRAM INFORMATION NOTE
Program name 0
Interest level 0
Reading level 0
Title point value 510_246200000000000_KEL
526 ## - STUDY PROGRAM INFORMATION NOTE
Program name 0
Interest level 0
Reading level 0
Title point value 510_246200000000000_KEL
650 #0 - SUBJECT ADDED ENTRY--TOPICAL TERM
Topical term or geographic name entry element Engineering mathematics.
9 (RLIN) 2310
650 #0 - SUBJECT ADDED ENTRY--TOPICAL TERM
Topical term or geographic name entry element MCE
9 (RLIN) 379
700 1# - ADDED ENTRY--PERSONAL NAME
Personal name Keller, Ernest G.
9 (RLIN) 39010
942 ## - ADDED ENTRY ELEMENTS (KOHA)
Source of classification or shelving scheme
Koha item type Book
Holdings
Withdrawn status Lost status Source of classification or shelving scheme Damaged status Not for loan Permanent Location Current Location Date acquired Total Checkouts Full call number Barcode Date last seen Price effective from Koha item type
          Military College of Engineering (MCE) Military College of Engineering (MCE) 03/27/2014   510.2462 KEL MCE-29978 03/27/2014 03/27/2014 Book
          Military College of Engineering (MCE) Military College of Engineering (MCE) 03/27/2014   510.2462 KEL MCE-29899 03/27/2014 03/27/2014 Book
          Military College of Engineering (MCE) Military College of Engineering (MCE) 03/27/2014   510.2462 KEL MCE-29898 03/27/2014 03/27/2014 Book
© 2023 Central Library, National University of Sciences and Technology. All Rights Reserved.